000 005730000a22001810004500
003 MACL
005 20160522150411.0
008 160522b xxu||||| |||| 00| 0 eng d
040 _aMACL
_cMACL
041 _aHindi
082 _a891.433 PRI
100 _aप्रियंवद
_958840
245 _aएक अपवित्र पेड
_cप्रियंवद
260 _bभारतीय ज्ञानपीठ प्रकाशन
_c1995
_aनई दिल्‍ली
350 _a98
650 _aStories
_958841
942 _cHIN
_k891.433/PRI/S
_2ddc
999 _c20256
_d20256